| 000 | 00731cam a22002413a 4500 | ||
|---|---|---|---|
| 001 | 36391 | ||
| 003 | PGUSA | ||
| 005 | 20140828083804.0 | ||
| 008 | 110612s2011||||xxu|||||s|||||000 1 eng d | ||
| 040 |
_aPGUSA _beng |
||
| 042 | _adc | ||
| 050 | 4 | _aPZ | |
| 100 | 1 | _aAldridge, Janet | |
| 245 | 1 | 4 |
_aThe Meadow-Brook Girls Across Country; Or, The Young Pathfinders on a Summer Hike _h[electronic resource] / _cJanet Aldridge |
| 260 |
_bProject Gutenberg, _c2011 |
||
| 506 | _aPublic domain in the USA. | ||
| 516 | _aElectronic text | ||
| 653 | _aHiking -- Juvenile fiction | ||
| 653 | _aYoung women -- Juvenile fiction | ||
| 830 | 0 |
_aProject Gutenberg _v36391 |
|
| 856 | 4 | 0 | _uhttp://www.gutenberg.org/ebooks/36391 |
| 942 | _cEB | ||
| 999 |
_c265646 _d265646 |
||